Rank the Commercial jets by first flight! - Statistics

General Stats
  • This quiz has been taken 9 times
    4 since last reset
  • The average score is 19 of 33
Answer Stats
First Flight Capacity Manufacturer Plane % Correct
4/9/1967 85–230 Boeing 737
100%
2/9/1969 230-467 Boeing 747
100%
2/19/1982 200-295 Boeing 757
100%
12/20/1957 140-219 Boeing 707
75%
2/9/1963 149-189 Boeing 727
75%
9/26/1981 180–375 Boeing 767
75%
6/12/1994 301–550 Boeing 777
75%
10/28/1972 228-254 Airbus A300
75%
4/3/1982 190-230 Airbus A310
75%
2/22/1987 107–185 Airbus A320
75%
11/2/1992 246-300 Airbus A330
75%
5/10/1991 50-104 Bombardier CRJ series
75%
8/29/1970 250-380 McDonnell Douglas DC-10
75%
5/30/1958 176-269 McDonnell Douglas DC-8
75%
2/25/1965 80-135 McDonnell Douglas DC-9
75%
1/10/1990 234-298 McDonnell Douglas MD-11
75%
12/15/2009 210–330 Boeing 787
50%
10/25/1991 210–370 Airbus A340
50%
6/14/2013 300–410 Airbus A350
50%
4/27/2005 555–853 Airbus A380
50%
3/12/2004 96-114 Embraer E190
50%
12/7/2004 100-124 Embraer E195
50%
10/18/1979 109-172 McDonnell Douglas MD-80
50%
11/2/1998 106-117 Boeing/McDonnell Douglas 717
25%
9/16/2013 100-150 Airbus A220
25%
2/19/2002 66-78 Embraer E170
25%
6/14/2003 76-88 Embraer E175
25%
7/4/1997 37 Embraer ERJ-135
25%
6/27/2000 44 Embraer ERJ-140
25%
8/11/1995 50 Embraer ERJ-145
25%
11/16/1970 256-384 Lockheed Martin L-1011 Tristar
25%
2/22/1993 153-172 McDonnell Douglas MD-90
25%
11/23/1959 131-137 Boeing 720
0%
No matching quizzes found
Score Distribution
Percent of People with Each Score
Percentile by Number Answered
Your Score History
You have not taken this quiz since the last reset